Condutas de Risco, Práticas Culturais e Atitudes Perante o Corpo (Registo nº 199828)
[ vista simples ]
| 000 -Etiqueta do registo | |
|---|---|
| Valores | 00849nam 22002413 4500 |
| 010 ## - Número ISBN | |
| ISBN | 972-774-159-2 |
| 021 ## - Número do Depósito Legal | |
| Código do país | Portugal |
| Número | 190347/03 |
| 100 ## - Dados gerais de processamento | |
| Dados gerais | 20260112d u||y0pory50 ba |
| 101 ## - Língua de publicação | |
| Língua | Português |
| 102 ## - País de publicação | |
| País | Portugal |
| 200 ## - Titulo e menção de responsabilidade | |
| Título próprio | Condutas de Risco, Práticas Culturais e Atitudes Perante o Corpo |
| Informação de outro título | Resultados de um Inquérito aos Jovens Portugueses em 2000 |
| Primeira menção de responsabilidade | Manuel Villaverde Cabral [et al.] (coord.) |
| 205 ## - Menção da edição | |
| Edição | 1ª |
| 210 ## - Publicação | |
| Local de publicação | Oeiras |
| Nome do editor | Celta Editora |
| Data de publicação | 2003 |
| 215 ## - Descrição física | |
| Paginação / Volumes | X, 454 p. : il. |
| Outras indicações físicas | Brochado |
| Dimensões | 24 cm |
| 225 ## - Colecção | |
| Título próprio da colecção | Estudos Sobre Juventude |
| Indicação de volume | 5 |
| 606 ## - Nome comum usado como assunto | |
| ID Autoridade | 15649 |
| Palavra de ordem | Ciências Sociais |
| Subdivisão assunto | Comportamento Social |
| 675 ## - CDU | |
| Notação | 316.62-053.6(=1:469)"2000"(042.3)/CAB/CON |
| Edição | PT |
| Língua | por |
| 700 ## - Autor principal (pessoa individual) | |
| ID Autoridade | 7072 |
| Apelido | Cabral |
| Nome | Manuel Villaverde |
| 801 ## - Fonte de origem | |
| País | PT |
| Agência | BMMN |
| Regras de catalogação | RPC |
| 830 ## - Notas gerais do catalogador | |
| Criado por | Carlos Pinto |
| Data de criação | 12-01-2026 |
| Indexado por | Carlos Pinto |
| 990 ## - Elementos KOHA | |
| Tipo de documento | Livro |
| Situação do levantamento | Biblioteca de origem | Código de barras | Cota | Permissão de empréstimo | Tipo de documento | Forma de aquisição |
|---|---|---|---|---|---|---|
| Escola Secundária de Montemor-o-Novo | 28851 | 316.62-053.6(=1:469)"2000"(042.3)/CAB/CON | Livro | Compra |